| 000 | 00611nam a22002057a 4500 | ||
|---|---|---|---|
| 003 | LK-CoDNM | ||
| 005 | 20241015112032.0 | ||
| 008 | 241015b |||||||| |||| 00| 0 eng d | ||
| 040 |
_aLK-CoDNM _dLK-CoDNM _eLK-CoDNM |
||
| 041 | _asin | ||
| 080 |
_aප්ර න _b3.3 |
||
| 245 |
_aනව ලෝකය _b1962 ජනවාරි - නොවැම්බර් _c21 කාණ්ඩය 1 කලාප |
||
| 246 | _aNAVA LOKAYA | ||
| 260 | _c1962 | ||
| 300 | _a250P. : ill ; 32 CM | ||
| 650 | _aනව ලෝකය | ||
| 650 | _aප්ර න 3 .3 | ||
| 650 | _aNAVA LOKAYA | ||
| 942 | _cBK | ||
| 999 |
_c219516 _d219516 |
||